02347nam a2200289Ia 450000500170000000800410001704000180005804100080007624500280008424600220011226000820013430000230021650007870023950802960102651102830132254600990160565000310170465000200173565000290175565000560178470000370184071000230187771000230190071000340192376500100195785600900196720140410171933.0130821s2001 xx a gs spa  aCo-BoUCMbspa00aspa13aUn plan perfectoc[DVD] 3aEl último golpe a[Lugar desconocido]bMorgan Creek Productions, Inc.; Franchise Picturesc2001 a1 DVDbson., color aSINOPSIS : Joe Moore (Gene Hackman) tiene una esposa joven y atractiva, varias personas le deben di-nero, y además tiene un trabajo que le encan-ta: es ladrón. Su vida se ve trastocada cuando una inoportuna cámara de vídeo de seguridad le filma en plena faena. Su encubridor y comprador de objetos roba-dos, Bergman (Danny DeVito), se niega a pagarle el dinero que le debe, y es probable que su esposa esté engañándole con el joven lugarteniente de dicho perista, Jimmy (Sam Rockwell). Moore y su colega habitual, Bobby Blane (Delroy Lindo), así como su cómplice Pinky Pincus (Ricky Jay), se encuentran de pronto en la ruina, trai-cionados y chantajeados. Moore se ve obligado a juntar de nuevo a su equipo con la intención de dar un último golpe para Bergman. aCREDITOS : Dirección y guión, David Mamet; Producción, Art Linson, Elie Samaha y Andrew Stevens; Música, Theodore Shapiro; Fotografía, Robert Elswit; Montaje, Barbara Tulliver; Diseño de producción, David Wasco; Dirección artística, Isabelle Guay; Vestuario, Renée April. aGene Hackman (Joe Moore), Danny DeVito (Bergman), Delroy Lindo (Bobby Blane), Sam Rockwell (Jimmy Silk), Rebecca Pidgeon (Fran Moore), Ricky Jay (Don 'Pinky' Pincus), Patti LuPone (Betty Croft), Christopher Kaldor (Laszlo), Karen Cliche (Alex), Andreas Apergis, Tony Calabretta. aAudio en Inglés, Portugués y Español. Subtítulos en Inglés, Portugués y Español.04aCriminales en el cinevDVD04aEntretenimiento04aLadrones en el cinevDVD04aPelículas cinematográficaszEstados UnidosvDVD1 aMamet, Davidd1947-d1947-edir.2 aFranchise Pictures2 aIndelible Pictures2 aMorgan Creek Productions, Inc aHeist04uhttps://www.youtube.com/watch?v=SAupM2BtaLozSiga este vínculo para ver el trailer.